[Event "Gran Canaria Santana Memorial 6th"]
[Site "Gran Canaria"]
[Date "2018.11.23"]
[Round "3.1"]
[White "Manchon Santana, Alberto"]
[Black "Natalicchio Escalante, Ricardo Nicolas"]
[Result "1/2-1/2"]
[WhiteElo "1943"]
[BlackElo "2194"]
[PlyCount "85"]
[EventDate "2018.11.16"]
[EventType "swiss"]
[EventRounds "7"]
[EventCountry "ESP"]
[SourceTitle "EXT 2024"]
[Source "ChessBase"]
[SourceDate "2023.10.10"]
[SourceVersion "1"]
[SourceVersionDate "2023.10.10"]
[SourceQuality "1"]

1. e4 e5 2. Nf3 Nc6 3. Bb5 a6 4. Bxc6 dxc6 5. 0-0 Bd6 6. d4 exd4 7. Qxd4 f6 8. Nbd2 Qe7 9. Nc4 Bc5 10. Qc3 Be6 11. Rd1 Bb4 12. Qd3 Rd8 13. Qxd8+ Qxd8 14. Rxd8+ Kxd8 15. Bd2 Bc5 16. Be3 Bb4 17. b3 Ne7 18. Nd4 Bf7 19. f3 Kc8 20. Kf2 Rd8 21. Rb1 Bxc4 22. bxc4 Bc5 23. c3 Ng6 24. Ke2 Re8 25. g3 Ne5 26. Nxc6 Nxc6 27. Bxc5 f5 28. Kf1 fxe4 29. Re1 Re5 30. Bd4 Nxd4 31. cxd4 Rf5 32. f4 Ra5 33. Re2 Ra4 34. Rc2 b5 35. cxb5 axb5 36. d5 Kd7 37. f5 Rd4 38. Rc5 b4 39. Ke2 Kd6 40. Rc6+ Kd7 41. Rc5 Kd6 42. Rc6+ Kd7 43. Rc5 1/2-1/2

[Event "Gran Canaria Santana Memorial 6th"]
[Site "Gran Canaria"]
[Date "2018.11.20"]
[Round "2.1"]
[White "Natalicchio Escalante, Ricardo Nicolas"]
[Black "Parsons, Alan"]
[Result "1-0"]
[WhiteElo "2194"]
[BlackElo "1759"]
[PlyCount "103"]
[EventDate "2018.11.16"]
[EventType "swiss"]
[EventRounds "7"]
[EventCountry "ESP"]
[SourceTitle "EXT 2024"]
[Source "ChessBase"]
[SourceDate "2023.10.10"]
[SourceVersion "1"]
[SourceVersionDate "2023.10.10"]
[SourceQuality "1"]

1. e4 e6 2. d4 d5 3. Bd3 c5 4. e5 Nc6 5. Nf3 cxd4 6. 0-0 Nge7 7. a3 Ng6 8. Re1 Be7 9. b4 Qc7 10. Qe2 Bd7 11. b5 Na5 12. Nxd4 Nc4 13. Bxc4 Qxc4 14. Qxc4 dxc4 15. Nc3 0-0 16. Bd2 Rfd8 17. Nf3 Nh4 18. Nxh4 Bxh4 19. Re4 Be7 20. Be3 a6 21. bxa6 Rxa6 22. Rxc4 Rc6 23. Rxc6 Bxc6 24. a4 Bb4 25. Nb5 h6 26. f4 Rd5 27. Kf2 Bc5 28. Bxc5 Rxc5 29. Nd4 Bd5 30. g3 Rc4 31. Ke3 Kf8 32. a5 f6 33. a6 bxa6 34. Rxa6 fxe5 35. fxe5 Kf7 36. Ra7+ Kf8 37. Kd3 Rc8 38. h4 Bc4+ 39. Kd2 Bd5 40. Ne2 Be4 41. c3 Rc5 42. Ke3 Bf5 43. Kf4 Rc4+ 44. Nd4 Rxc3 45. g4 Rc4 46. Rd7 Bg6 47. h5 Bf7 48. Ke3 Rc3+ 49. Ke4 Ke8 50. Ra7 Rg3 51. Kf4 Rc3 52. Nb5 1-0

[Event "Las Palmas Insular-chT Honor 1718"]
[Site "Las Palmas"]
[Date "2018.02.03"]
[Round "7.1"]
[White "Natalicchio Escalante, Ricardo Nicolas"]
[Black "Garcia Blanco, Omar"]
[Result "0-1"]
[WhiteElo "2195"]
[BlackElo "2243"]
[PlyCount "136"]
[EventDate "2017.10.28"]
[EventType "team-tourn"]
[EventRounds "9"]
[EventCountry "ESP"]
[SourceTitle "EXT 2019"]
[Source "ChessBase"]
[SourceDate "2018.10.10"]
[SourceVersion "1"]
[SourceVersionDate "2018.10.10"]
[SourceQuality "1"]
[WhiteTeam "Fundacion La Caja de Canarias"]
[BlackTeam "Hotel Avda de Canarias"]
[WhiteTeamCountry "ESP"]
[BlackTeamCountry "ESP"]

1. c4 e5 2. g3 Nc6 3. Bg2 Bc5 4. Nc3 a6 5. a3 h5 6. h3 d6 7. b4 Ba7 8. e3 Be6 9. Nd5 Qc8 10. Bb2 Nd8 11. Rc1 c6 12. Nc3 Nf6 13. d3 Qd7 14. Nf3 0-0 15. Ne4 Qe7 16. 0-0 Bb8 17. Nh4 Nxe4 18. dxe4 Qd7 19. Qxh5 a5 20. c5 axb4 21. axb4 Ra2 22. Bc3 Bc4 23. Rfe1 g6 24. Qh6 d5 25. Nf3 Qe7 26. Ng5 f6 27. Qxg6+ Qg7 28. Qxg7+ Kxg7 29. Nf3 dxe4 30. Nd2 Bd5 31. Nxe4 Ne6 32. Nd2 Nc7 33. Ra1 Rc2 34. Rec1 Rxc1+ 35. Rxc1 Rd8 36. Ne4 Nb5 37. Be1 Bc7 38. Nc3 Nxc3 39. Bxc3 Bc4 40. Be4 Be6 41. g4 Kh6 42. Kg2 Kg5 43. f3 f5 44. h4+ Kg6 45. Bc2 e4 46. gxf5+ Bxf5 47. fxe4 Be6 48. e5+ Kh5 49. Be4 Rg8+ 50. Kf3 Rf8+ 51. Ke2 Bg4+ 52. Kd3 Re8 53. Rg1 Kxh4 54. Rh1+ Kg5 55. Rh7 Rd8+ 56. Bd4 Rd7 57. Rh8 Bxe5 58. Rg8+ Kh5 59. Bg6+ Kh6 60. Be8 Bf5+ 61. Kc3 Bxd4+ 62. exd4 Re7 63. b5 Be6 64. Rf8 Kg7 65. Bxc6 Kxf8 66. d5 bxc6 67. d6 Rh7 68. bxc6 Rh4 0-1

[Event "Las Palmas Insular-chT Honor 1718"]
[Site "Las Palmas"]
[Date "2017.11.11"]
[Round "2.1"]
[White "Natalicchio Escalante, Ricardo Nicolas"]
[Black "Cruz Pino, Adrian"]
[Result "1/2-1/2"]
[WhiteElo "2195"]
[BlackElo "2158"]
[PlyCount "39"]
[EventDate "2017.10.28"]
[EventType "team-tourn"]
[EventRounds "9"]
[EventCountry "ESP"]
[SourceTitle "EXT 2019"]
[Source "ChessBase"]
[SourceDate "2018.10.10"]
[SourceVersion "1"]
[SourceVersionDate "2018.10.10"]
[SourceQuality "1"]
[WhiteTeam "Fundacion La Caja de Canarias"]
[BlackTeam "Sociedad La Montana"]
[WhiteTeamCountry "ESP"]
[BlackTeamCountry "ESP"]

1. e4 c5 2. Nf3 a6 3. Nc3 d6 4. d4 cxd4 5. Nxd4 Nf6 6. Qf3 h6 7. h3 e6 8. Be2 Qc7 9. 0-0 b5 10. a3 Bb7 11. Qg3 Nxe4 12. Nxe4 Bxe4 13. Re1 Bd5 14. Bf3 Bxf3 15. Qxf3 Ra7 16. a4 bxa4 17. Rxa4 Be7 18. Qg4 Bf6 19. Nf5 Kf8 20. Ng3 1/2-1/2

[Event "Gran Canaria Santana Memorial 5th"]
[Site "Gran Canaria"]
[Date "2017.02.24"]
[Round "7"]
[White "Rodriguez Melian, Jose Luis"]
[Black "Natalicchio Escalante, Ricardo Nicolas"]
[Result "1/2-1/2"]
[WhiteElo "2049"]
[BlackElo "2207"]
[PlyCount "22"]
[EventDate "2017.02.03"]
[EventType "swiss"]
[EventRounds "7"]
[EventCountry "ESP"]
[SourceTitle "CBM 177 Extra"]
[Source "ChessBase"]
[SourceDate "2017.04.27"]
[SourceVersion "1"]
[SourceVersionDate "2017.04.27"]
[SourceQuality "1"]

1. d4 d5 2. c4 e6 3. g3 Nf6 4. Bg2 Bb4+ 5. Bd2 Be7 6. Nf3 c6 7. Qc2 Nbd7 8. 0-0 0-0 9. Bf4 Nh5 10. Bc1 Nhf6 11. Bf4 Nh5 1/2-1/2

[Event "Gran Canaria Santana Memorial 5th"]
[Site "Gran Canaria"]
[Date "2017.02.17"]
[Round "5"]
[White "Perez Guerra, Raul"]
[Black "Natalicchio Escalante, Ricardo Nicolas"]
[Result "1/2-1/2"]
[WhiteElo "1940"]
[BlackElo "2207"]
[PlyCount "26"]
[EventDate "2017.02.03"]
[EventType "swiss"]
[EventRounds "7"]
[EventCountry "ESP"]
[SourceTitle "CBM 177 Extra"]
[Source "ChessBase"]
[SourceDate "2017.04.27"]
[SourceVersion "1"]
[SourceVersionDate "2017.04.27"]
[SourceQuality "1"]

1. e4 c6 2. d4 d5 3. e5 Bf5 4. h4 h5 5. c4 e6 6. Nc3 Ne7 7. Bg5 Qb6 8. Qd2 Nd7 9. Nge2 Bg4 10. Ng3 f6 11. exf6 gxf6 12. Be3 Nf5 13. Nxf5 Bxf5 1/2-1/2

[Event "Las Palmas Insular-chT Pref"]
[Site "Las Palmas"]
[Date "2015.03.28"]
[Round "12.4"]
[White "Natalicchio Escalante, Ricardo Nicolas"]
[Black "Ramirez Medina, Victor"]
[Result "1/2-1/2"]
[WhiteElo "2237"]
[BlackElo "2059"]
[PlyCount "30"]
[EventDate "2014.11.22"]
[EventType "team-tourn"]
[EventRounds "14"]
[EventCountry "ESP"]
[SourceTitle "EXT 2016"]
[Source "ChessBase"]
[SourceDate "2015.10.08"]
[SourceVersion "1"]
[SourceVersionDate "2015.10.08"]
[SourceQuality "1"]
[WhiteTeam "Villa de Teror Goya"]
[BlackTeam "La Caja de Vecindario"]
[WhiteTeamCountry "ESP"]
[BlackTeamCountry "ESP"]

1. c4 c6 2. Nf3 d5 3. e3 Nf6 4. Nc3 e6 5. Qe2 Nbd7 6. b3 Bd6 7. Bb2 0-0 8. Rg1 e5 9. cxd5 Nxd5 10. Ne4 Bc7 11. g4 Re8 12. g5 Nf8 13. h4 Bf5 14. h5 Ne6 15. a3 Nc5 1/2-1/2

[Event "Gran Canaria Cabildo op"]
[Site "Gran Canaria"]
[Date "2015.03.13"]
[Round "5"]
[White "Martinez Molina, Jose Juan"]
[Black "Natalicchio Escalante, Ricardo Nicolas"]
[Result "0-1"]
[WhiteElo "1828"]
[BlackElo "2237"]
[PlyCount "52"]
[EventDate "2015.02.27"]
[EventType "swiss"]
[EventRounds "7"]
[EventCountry "ESP"]
[SourceTitle "CBM 165 Extra"]
[Source "ChessBase"]
[SourceDate "2015.04.21"]
[SourceVersion "1"]
[SourceVersionDate "2015.04.21"]
[SourceQuality "1"]

1. e4 c6 2. d3 d5 3. Nd2 e5 4. Ngf3 Bd6 5. d4 exd4 6. exd5 Ne7 7. dxc6 Nbxc6 8. Nb3 Nf5 9. Be2 0-0 10. 0-0 a5 11. Kh1 Qb6 12. Nbd2 Qc7 13. Ne4 Be7 14. a3 Re8 15. Bd3 h6 16. Bd2 Be6 17. Ng3 Nxg3+ 18. fxg3 Bg4 19. h3 Be6 20. Bf4 Bd6 21. Nxd4 Nxd4 22. Bxd6 Qxd6 23. c3 Bb3 24. Qd2 Nb5 25. Rf5 Nc7 26. Rxf7 Rad8 0-1

[Event "Gran Canaria Cabildo op"]
[Site "Gran Canaria"]
[Date "2015.03.06"]
[Round "3"]
[White "Perez Guerra, Raul"]
[Black "Natalicchio Escalante, Ricardo Nicolas"]
[Result "0-1"]
[WhiteElo "1478"]
[BlackElo "2237"]
[PlyCount "44"]
[EventDate "2015.02.27"]
[EventType "swiss"]
[EventRounds "7"]
[EventCountry "ESP"]
[SourceTitle "CBM 165 Extra"]
[Source "ChessBase"]
[SourceDate "2015.04.21"]
[SourceVersion "1"]
[SourceVersionDate "2015.04.21"]
[SourceQuality "1"]

1. e4 c6 2. d4 d5 3. e5 Bf5 4. h4 h5 5. c4 e6 6. Nc3 Ne7 7. Nge2 Nd7 8. Bg5 Qb6 9. Qd2 dxc4 10. Ng3 Bg6 11. Bxc4 0-0-0 12. Bf4 Qb4 13. Be2 Nb6 14. 0-0-0 Ned5 15. Nxd5 Nxd5 16. Qxb4 Nxb4 17. Bc4 b5 18. Bb3 Nd3+ 19. Rxd3 Bxd3 20. Kd2 Rxd4 21. Ke3 Rd7 22. Rd1 Bc5+ 0-1

[Event "Gran Canaria Santa Lucia op 2nd"]
[Site "Gran Canaria"]
[Date "2014.08.17"]
[Round "5"]
[White "Natalicchio Escalante, Ricardo Nicolas"]
[Black "Cruz Ramirez, Nauzet"]
[Result "1-0"]
[WhiteElo "2238"]
[BlackElo "1820"]
[PlyCount "117"]
[EventDate "2014.08.14"]
[EventType "swiss"]
[EventRounds "9"]
[EventCountry "ESP"]
[SourceTitle "EXT 2015"]
[Source "ChessBase"]
[SourceDate "2014.11.20"]
[SourceVersion "1"]
[SourceVersionDate "2014.11.20"]
[SourceQuality "1"]

1. e4 c5 2. Nf3 e6 3. d4 cxd4 4. Nxd4 a6 5. c4 d6 6. Nc3 Nf6 7. Be3 Be7 8. Be2 0-0 9. 0-0 Qc7 10. Rc1 b6 11. Qd2 Bb7 12. f3 Nbd7 13. a3 Rac8 14. b4 Qb8 15. Na4 Bd8 16. Kh1 Bc7 17. Bg1 Rfe8 18. Rc2 Kh8 19. Rb1 d5 20. exd5 exd5 21. c5 Bf4 22. Qd1 b5 23. c6 bxa4 24. cxb7 Qxb7 25. Rxc8 Rxc8 26. Qxa4 Ra8 27. Qc2 g6 28. a4 Bd6 29. Qc6 Qxc6 30. Nxc6 Rc8 31. b5 axb5 32. axb5 Bc5 33. Bxc5 Nxc5 34. Kg1 Nfd7 35. Kf2 Nb6 36. Rc1 Nb3 37. Rd1 Nc5 38. Ne7 Rd8 39. Rc1 Nca4 40. Nc6 Rc8 41. Rc2 Kg7 42. Ke3 Kf6 43. Kd4 Ke6 44. Bd1 Kd6 45. Ne5 Rxc2 46. Bxc2 f6 47. Ng4 f5 48. Nf6 h5 49. Bxa4 Nxa4 50. Nxd5 Nc5 51. Nf4 g5 52. Nxh5 Ne6+ 53. Kc4 f4 54. Nf6 Ke5 55. Ne4 g4 56. b6 Nd8 57. Nc5 gxf3 58. gxf3 Nc6 59. Na6 1-0

[Event "Las Palmas Cabildo Trophy"]
[Site "Las Palmas"]
[Date "2014.05.08"]
[Round "7.2"]
[White "Natalicchio Escalante, Ricardo Nicolas"]
[Black "Vega Gutierrez, Sabrina Neide"]
[Result "1/2-1/2"]
[WhiteElo "2209"]
[BlackElo "2392"]
[PlyCount "138"]
[EventDate "2014.04.08"]
[EventType "swiss"]
[EventRounds "7"]
[EventCountry "ESP"]
[SourceTitle "EXT 2024"]
[Source "ChessBase"]
[SourceDate "2023.10.10"]
[SourceVersion "1"]
[SourceVersionDate "2023.10.10"]
[SourceQuality "1"]

1. d4 d5 2. c4 c6 3. Nc3 Nf6 4. e3 g6 5. Nf3 Bg7 6. Be2 0-0 7. 0-0 a6 8. a4 Bg4 9. cxd5 cxd5 10. Qb3 Ra7 11. h3 Bxf3 12. Bxf3 e6 13. Bd2 Nc6 14. Rfc1 Re8 15. Na2 Bf8 16. Rc2 Bd6 17. Nc1 Ne4 18. Be1 Bc7 19. Nd3 Qd6 20. g3 h5 21. Bxe4 dxe4 22. Nc5 Qd5 23. Qxd5 exd5 24. b4 Bd6 25. Rb1 Ne7 26. Nd7 Rd8 27. Nb6 f5 28. b5 a5 29. Rbc1 Ba3 30. Nc8 Nxc8 31. Rxc8 Ra8 32. Rxa8 Rxa8 33. Rc7 Bb4 34. Kf1 Rb8 35. Ke2 Kf8 36. Kd1 Be7 37. Bxa5 b6 38. Bc3 Ra8 39. a5 bxa5 40. b6 Rb8 41. b7 Kf7 42. Bxa5 Ke6 43. Rc6+ Kf7 44. Rc7 Ke6 45. Rc6+ Kf7 46. Rb6 Bd8 47. Rb5 Bxa5 48. Rxa5 Rxb7 49. Rxd5 Rb2 50. Ke1 Rb1+ 51. Ke2 Rb2+ 52. Kf1 Rd2 53. Kg2 Kf6 54. Rd6+ Kg5 55. h4+ Kh6 56. Rd7 Rd1 57. Rf7 Rb1 58. Rc7 Rd1 59. Rc2 Kg7 60. f3 exf3+ 61. Kxf3 Kf6 62. Rc6+ Kf7 63. Ra6 Rf1+ 64. Kg2 Rd1 65. Kf2 Rh1 66. Kg2 Rd1 67. Ra7+ Kf6 68. Ra6+ Kf7 69. Ra7+ Kf6 1/2-1/2

[Event "Gran Canaria Dominguez Memoral 1st"]
[Site "Gran Canaria"]
[Date "2014.03.31"]
[Round "5"]
[White "Cruz Pino, Adrian"]
[Black "Natalicchio Escalante, Ricardo Nicolas"]
[Result "1/2-1/2"]
[WhiteElo "1989"]
[BlackElo "2209"]
[PlyCount "99"]
[EventDate "2014.03.17"]
[EventType "swiss"]
[EventRounds "7"]
[EventCountry "ESP"]
[SourceTitle "EXT 2015"]
[Source "ChessBase"]
[SourceDate "2014.11.20"]
[SourceVersion "1"]
[SourceVersionDate "2014.11.20"]
[SourceQuality "1"]

1. Nf3 d5 2. d4 Nf6 3. e3 c6 4. c4 a6 5. Nc3 b5 6. cxd5 cxd5 7. a3 Bg4 8. h3 Bxf3 9. Qxf3 Nc6 10. Qd1 e6 11. Be2 Bd6 12. 0-0 0-0 13. f4 b4 14. axb4 Bxb4 15. Rxa6 Rxa6 16. Bxa6 Qa5 17. Be2 Bxc3 18. bxc3 Qxc3 19. Bd2 Qb2 20. Qc1 Rb8 21. Bd3 g6 22. Kh2 Qb3 23. Bb1 Qb5 24. Kg1 Nh5 25. Qe1 Ra8 26. f5 exf5 27. g4 fxg4 28. hxg4 Ng7 29. Qf2 Nd8 30. e4 Ra1 31. Bd3 Rxf1+ 32. Bxf1 Qd7 33. exd5 Qxg4+ 34. Bg2 Nf5 35. Qf4 Qxf4 36. Bxf4 Nxd4 37. Bc7 Nb7 38. d6 Nc5 39. Bb6 Nde6 40. Bc6 Kf8 41. d7 Ke7 42. d8Q+ Nxd8 43. Bxc5+ Ke6 44. Ba4 f5 45. Bb4 Nb7 46. Bb3+ Ke5 47. Kf2 Nd6 48. Bc3+ Kf4 49. Bd2+ Ke5 50. Bc3+ 1/2-1/2

[Event "Gran Canaria Dominguez Memoral 1st"]
[Site "Gran Canaria"]
[Date "2014.03.27"]
[Round "4"]
[White "Natalicchio Escalante, Ricardo Nicolas"]
[Black "Gutierrez Olivares, Daniel"]
[Result "0-1"]
[WhiteElo "2209"]
[BlackElo "2342"]
[PlyCount "50"]
[EventDate "2014.03.17"]
[EventType "swiss"]
[EventRounds "7"]
[EventCountry "ESP"]
[SourceTitle "EXT 2015"]
[Source "ChessBase"]
[SourceDate "2014.11.20"]
[SourceVersion "1"]
[SourceVersionDate "2014.11.20"]
[SourceQuality "1"]

1. d4 e6 2. Nf3 Nf6 3. Bg5 c5 4. e3 b6 5. c3 Bb7 6. Bd3 cxd4 7. exd4 Be7 8. Bxf6 Bxf6 9. Nbd2 d6 10. Qe2 a6 11. h4 Nd7 12. g4 b5 13. g5 Be7 14. Rg1 Nb6 15. h5 g6 16. hxg6 hxg6 17. Be4 Nd5 18. a4 Qb6 19. Qd1 Nf4 20. axb5 Bxe4 21. Nxe4 Qb7 22. Qc2 axb5 23. Rxa8+ Qxa8 24. Ned2 Rh3 25. Rg3 Rh1+ 0-1

[Event "Gran Canaria Dominguez Memoral 1st"]
[Site "Gran Canaria"]
[Date "2014.03.24"]
[Round "3"]
[White "Alonso Valiente, Alexis"]
[Black "Natalicchio Escalante, Ricardo Nicolas"]
[Result "0-1"]
[WhiteElo "2050"]
[BlackElo "2209"]
[PlyCount "66"]
[EventDate "2014.03.17"]
[EventType "swiss"]
[EventRounds "7"]
[EventCountry "ESP"]
[SourceTitle "EXT 2015"]
[Source "ChessBase"]
[SourceDate "2014.11.20"]
[SourceVersion "1"]
[SourceVersionDate "2014.11.20"]
[SourceQuality "1"]

1. d4 d5 2. c4 c6 3. e3 Nf6 4. Nc3 a6 5. Nf3 b5 6. cxd5 cxd5 7. Qb3 Nc6 8. Ne5 Na5 9. Qc2 e6 10. Be2 Bd6 11. f4 0-0 12. 0-0 Qc7 13. a3 Bb7 14. g4 Ne4 15. Bd3 Rac8 16. Bxe4 dxe4 17. g5 f6 18. gxf6 gxf6 19. Ng4 Qg7 20. Kh1 Kh8 21. Rg1 Bxf4 22. Qf2 Bd6 23. Qh4 Qg5 24. Qh3 Qf5 25. Bd2 Qf3+ 26. Qg2 Nb3 27. Rad1 Rg8 28. Qxf3 exf3 29. Nf2 Rxg1+ 30. Kxg1 Rg8+ 31. Kf1 Bxh2 32. Nh3 Rg3 33. Nf4 Rg1+ 0-1

[Event "Gran Canaria Dominguez Memoral 1st"]
[Site "Gran Canaria"]
[Date "2014.03.17"]
[Round "1"]
[White "Julien Casteleiro, Ariel"]
[Black "Natalicchio Escalante, Ricardo Nicolas"]
[Result "0-1"]
[WhiteElo "1633"]
[BlackElo "2209"]
[PlyCount "78"]
[EventDate "2014.03.17"]
[EventType "swiss"]
[EventRounds "7"]
[EventCountry "ESP"]
[SourceTitle "EXT 2015"]
[Source "ChessBase"]
[SourceDate "2014.11.20"]
[SourceVersion "1"]
[SourceVersionDate "2014.11.20"]
[SourceQuality "1"]

1. e4 c6 2. d4 d5 3. exd5 cxd5 4. c4 Nf6 5. Nc3 e6 6. Bg5 Be7 7. Nf3 0-0 8. Bd3 Nc6 9. a3 dxc4 10. Bxc4 Qb6 11. b4 Rd8 12. Be3 Ng4 13. 0-0 Qc7 14. h3 Nxe3 15. fxe3 Nxd4 16. Nxd4 Qxc4 17. Rc1 Qa6 18. Qf3 Rf8 19. Ncb5 Qb6 20. Nc3 Bd7 21. Ne4 Rac8 22. Rxc8 Bxc8 23. Nb3 Qc6 24. Rc1 Qd5 25. Rc7 Qd8 26. Rc1 b6 27. Ned2 Ba6 28. Qe4 Bf6 29. Nd4 Qd7 30. N2f3 Bb7 31. Qg4 Rc8 32. Rxc8+ Qxc8 33. Qf4 h6 34. e4 a5 35. b5 e5 36. Nxe5 Qc5 37. Nef3 Bxd4+ 38. Kh2 Be3 39. Qb8+ Qc8 0-1

[Event "Las Palmas Insular-chT Pref 1314"]
[Site "Agaete"]
[Date "2014.02.22"]
[Round "10.2"]
[White "Natalicchio Escalante, Ricardo Nicolas"]
[Black "Also Alvarado, Luis"]
[Result "1/2-1/2"]
[WhiteElo "2210"]
[BlackElo "2161"]
[PlyCount "21"]
[EventDate "2013.11.09"]
[EventType "team-tourn"]
[EventRounds "14"]
[EventCountry "ESP"]
[SourceTitle "EXT 2015"]
[Source "ChessBase"]
[SourceDate "2014.11.20"]
[SourceVersion "1"]
[SourceVersionDate "2014.11.20"]
[SourceQuality "1"]
[WhiteTeam "Anand"]
[BlackTeam "Real Club Victoria"]
[WhiteTeamCountry "ESP"]
[BlackTeamCountry "ESP"]

1. d4 Nf6 2. Bg5 d5 3. Nd2 Nc6 4. e3 e6 5. Ngf3 Be7 6. c3 0-0 7. Bd3 h6 8. Bh4 Ng4 9. Bxe7 Qxe7 10. h3 Nf6 11. Bb5 1/2-1/2

[Event "Las Palmas Insular-chT Pref 1314"]
[Site "Agaete"]
[Date "2014.02.08"]
[Round "9.2"]
[White "Lopez Colon, Francisco"]
[Black "Natalicchio Escalante, Ricardo Nicolas"]
[Result "0-1"]
[WhiteElo "2043"]
[BlackElo "2210"]
[PlyCount "76"]
[EventDate "2013.11.09"]
[EventType "team-tourn"]
[EventRounds "14"]
[EventCountry "ESP"]
[SourceTitle "EXT 2015"]
[Source "ChessBase"]
[SourceDate "2014.11.20"]
[SourceVersion "1"]
[SourceVersionDate "2014.11.20"]
[SourceQuality "1"]
[WhiteTeam "Villa de Teror"]
[BlackTeam "Anand"]
[WhiteTeamCountry "ESP"]
[BlackTeamCountry "ESP"]

1. d4 d5 2. c4 c6 3. e3 Nf6 4. Nc3 a6 5. Nf3 b5 6. b3 Bg4 7. h3 Bxf3 8. Qxf3 e5 9. c5 Nbd7 10. Be2 g6 11. 0-0 Bg7 12. Bb2 0-0 13. b4 a5 14. a3 Re8 15. Qg3 a4 16. dxe5 Nxe5 17. Nxb5 Ne4 18. Qh2 cxb5 19. Bxb5 Nd2 20. Qg3 Nxf1 21. Rxf1 Re7 22. Rd1 Qc7 23. Rxd5 Qb7 24. c6 Nxc6 25. Bxg7 Kxg7 26. Rg5 Nd8 27. Qd6 Re6 28. Qd4+ Kg8 29. Bxa4 Rea6 30. Bb3 Rxa3 31. Bd5 Ra1+ 32. Kh2 Qb8+ 33. f4 R8a7 34. b5 R1a5 35. Qf6 Rd7 36. Bc6 Qd6 37. Qc3 Rc7 38. Rd5 Qxd5 0-1